Carnegie Survey of the Architecture of the South (Library of Congress) (Record no. 3613)
[ view plain ]
| 000 -LEADER | |
|---|---|
| fixed length control field | 02843ckc a2200325 a 4500 |
| 003 - CONTROL NUMBER IDENTIFIER | |
| control field | OSt |
| 005 - DATE AND TIME OF LATEST TRANSACTION | |
| control field | 20220127085353.0 |
| 008 - FIXED-LENGTH DATA ELEMENTS--GENERAL INFORMATION | |
| fixed length control field | 070224i18641940xxunnn kneng |
| 020 ## - INTERNATIONAL STANDARD BOOK NUMBER | |
| International Standard Book Number | 1844072118 |
| 040 ## - CATALOGING SOURCE | |
| Transcribing agency | DLC |
| 043 ## - GEOGRAPHIC AREA CODE | |
| Geographic area code | n-us--- |
| 050 00 - LIBRARY OF CONGRESS CALL NUMBER | |
| Classification number | HT 361 |
| Item number | .F45 2005 |
| 100 1# - MAIN ENTRY--PERSONAL NAME | |
| Personal name | Johnston, Frances Benjamin, |
| Dates associated with a name | 1864-1952, |
| 245 00 - TITLE STATEMENT | |
| Title | Carnegie Survey of the Architecture of the South (Library of Congress) |
| 260 ## - PUBLICATION, DISTRIBUTION, ETC. | |
| Date of publication, distribution, etc. | 1927-1943, bulk 1933-1940. |
| 300 ## - PHYSICAL DESCRIPTION | |
| Extent | XLVIII, 246 |
| Dimensions | 29 cm |
| 300 ## - PHYSICAL DESCRIPTION | |
| Extent | ca. 6,800 negatives : |
| Other physical details | film ; |
| Dimensions | 8 x 10 in. |
| 351 ## - ORGANIZATION AND ARRANGEMENT OF MATERIALS | |
| Materials specified | Photographic prints made by the Library of Congress: |
| Organization | Organized into 8 groups (LOTS); |
| Arrangement | arranged by state and subdivided by county. The call numbers are: LOT 11833 (ALA), LOT 11834 (FLA), LOT 11835 (GA), LOT 11836 (LA), LOT 11837 (MD), LOT 11839 (NC), LOT 11840 (SC), LOT 11841 (VA). |
| 351 ## - ORGANIZATION AND ARRANGEMENT OF MATERIALS | |
| Organization | Original negatives: |
| Arrangement | Arranged by state and a four-digit negative number within series code LC-J7. Sample call number: LC-J7-VA- |
| 500 ## - GENERAL NOTE | |
| General note | include index |
| 510 4# - CITATION/REFERENCES NOTE | |
| Name of source | Special Collections in the Library of Congress / compiled by Annette Melville. Washington, D.C. : Library of Congress, 1980, |
| Location within source | no. 39 |
| 510 4# - CITATION/REFERENCES NOTE | |
| Name of source | Guide to the Special Collections of Prints and Photographs in the Library of Congress / compiled by Paul Vanderbilt. Washington, D.C. : Library of Congress Reference Department, 1955, |
| Location within source | no. 388 |
| 540 ## - TERMS GOVERNING USE AND REPRODUCTION NOTE | |
| Terms governing use and reproduction | No known restrictions on publication. |
| 545 ## - BIOGRAPHICAL OR HISTORICAL DATA | |
| Biographical or historical data | One of the first American women to achieve prominence as a photographer, Frances Benjamin Johnston opened a studio in Washington, D.C., in 1890, carrying out portrait and photojournalism assignments. She entered into partnership with Mattie Edwards Hewitt, operating a New York City studio that specialized in architectural and garden photography, 1913-1917. Johnston began a series of systematic architectural field trips in 1927-29 with a privately commissioned survey of Fredersicksburg, Va., and Old Falmouth for Mrs. Daniel B. Devore "to preserve something of the atmosphere of an old Virginia town." A grant from the Carnegie Corporation of New York extended the survey to cover the entire state of Virginia under sponsorship of the University of Virginia. Successive Carnegie grants totaled $26,000 to cover the other States under Library of Congress sponsorship. The American Institute of Architects honored Miss Johnston for her achievement in 1945. Johnston kept control of the negatives during her lifetime, but selective sets of prints were made for several libraries and museums. |
| 650 #7 - SUBJECT ADDED ENTRY--TOPICAL TERM | |
| Topical term or geographic name entry element | Architecture |
| Geographic subdivision | Southern States |
| Chronological subdivision | 1930-1940. |
| Source of heading or term | lctgm |
| 710 2# - ADDED ENTRY--CORPORATE NAME | |
| Corporate name or jurisdiction name as entry element | Carnegie Corporation of New York, |
| Relator term | sponsor. |
| 906 ## - LOCAL DATA ELEMENT F, LDF (RLIN) | |
| a | 0 |
| b | ibc |
| c | orignew |
| d | u |
| e | ncip |
| f | 20 |
| g | y-printpho |
| 942 ## - ADDED ENTRY ELEMENTS (KOHA) | |
| Source of classification or shelving scheme | |
| Koha item type | Book |
| Suppress in OPAC | SM |
| Withdrawn status | Lost status | Source of classification or shelving scheme | Damaged status | Not for loan | Permanent Location | Current Location | Shelving location | Date acquired | Source of acquisition | Total Checkouts | Full call number | Barcode | Date last seen | Price effective from | Koha item type | Public note |
|---|---|---|---|---|---|---|---|---|---|---|---|---|---|---|---|---|
| AU LIBRARY | AU LIBRARY | Open Shelf | 27.01.2022 | DONATION FROM MOI UNIVERSITY | HT 361 .F45 2005 | 28004958 | 27.01.2022 | 27.01.2022 | Book | SM |